000 00654nam a22002297a 4500
003 OSt
005 20240624144936.0
008 240624b |||||||| |||| 00| 0 eng d
020 _a9780521709903
040 _cmust
082 _a576.8 DEB 2006
245 _aDebating design:
_bfrom darwin to DNA/
_cedited by William A. Dembski and Michael Ruse.
260 _aCambridge;
260 _aNew york:
_bCambridge University press;
_cc2006.
300 _axiii,405p.:
_c22cm.
504 _aIncludes index
600 _2Evolution (biology)
600 _2inteligent design
600 _2Evolution
600 _2self-organising systems
942 _2z
_cO_SHELF
999 _c8757
_d8757